An introduction to advertising and marketing research (Record no. 169096)

MARC details
000 -LEADER
fixed length control field 00437nam a2200157Ia 4500
008 - FIXED-LENGTH DATA ELEMENTS--GENERAL INFORMATION
fixed length control field 231217s9999 xx 000 0 und d
041 ## - LANGUAGE CODE
Language code of text/sound track or separate title English
082 ## - DEWEY DECIMAL CLASSIFICATION NUMBER
Classification number 658.82 CHU1;1 R
100 ## - MAIN ENTRY--PERSONAL NAME
Personal name Chunawalla, S A Sethia, K C
245 #3 - TITLE STATEMENT
Title An introduction to advertising and marketing research
250 ## - EDITION STATEMENT
Edition statement 2nd ed.
260 ## - PUBLICATION, DISTRIBUTION, ETC.
Date of publication, distribution, etc. 2001
Name of publisher, distributor, etc. Mumbai : Himalaya,
300 ## - PHYSICAL DESCRIPTION
Extent 393
650 ## - SUBJECT ADDED ENTRY--TOPICAL TERM
Topical term or geographic name entry element An,advertising,marketing,research
942 ## - ADDED ENTRY ELEMENTS (KOHA)
Koha item type Books
Holdings
Date last seen Total checkouts Full call number Accession number Cost, total (INR) price Price effective from Category Lost status Damaged status Department Withdrawn status Home library Current library Entry date Vendor Cost, normal purchase price Grants Billnumber Billdate Currency symbol Conversion rate Discount Old discount Shelving location
26/01/2024   658.82 CHU1;1 R 21681 127.50 26/01/2024 Books     Central Library   Central Library Central Library 20/03/2003 Neeraj Books 150.00 MBA 3656 05/02/2005 RS 1 22.5 15  
26/01/2024   658.82 CHU1;2 R1 21682 127.50 26/01/2024 Books     Central Library   Central Library Central Library 20/03/2003 Neeraj Books 150.00 MBA 3656 05/02/2005 RS 1 22.5 15  
26/01/2024   658.82 CHU1;3 21683 127.50 26/01/2024 Books     Central Library   Central Library Central Library 20/03/2003 Neeraj Books 150.00 MBA 3656 05/02/2005 RS 1 22.5 15 Central Library
26/01/2024   658.82 CHU1;4 21684 127.50 26/01/2024 Books     Central Library   Central Library Central Library 20/03/2003 Neeraj Books 150.00 MBA 3656 05/02/2005 RS 1 22.5 15  
26/01/2024   658.82 CHU1;5 21685 127.50 26/01/2024 Books     Central Library   Central Library Central Library 20/03/2003 Neeraj Books 150.00 MBA 3656 05/02/2005 RS 1 22.5 15  

© For any Suggestions or Query, please contact the library staff @ librarian@pes.edu or Phone: +9180 2672 1983/ 2108.